Most Mentioned Harry Potter Names - Statistics

General Stats
  • This quiz has been taken 5,000 times
    4,967 since last reset
  • The average score is 38 of 50
Answer Stats
Times Mentioned Name % Correct
18,956 Harry Potter
100%
5,486 Hermione Granger
99%
6,464 Ron Weasley
99%
2,421 Albus Dumbledore
98%
1,956 Professor Snape
96%
1,797 Voldemort
95%
920 Fred Weasley
94%
821 George Weasley
94%
2,024 Rubeus Hagrid
93%
1,198 Draco Malfoy
92%
771 Ginny Weasley
92%
770 Professor McGonagall
91%
1,471 Sirius Black
91%
864 Remus Lupin
90%
722 Molly Weasley
88%
780 Arthur Weasley
87%
810 Neville Longbottom
87%
356 Luna Lovegood
83%
215 Bellatrix Lestrang
82%
302 Bill Weasley
82%
188 James Potter
82%
246 Lucius Malfoy
81%
426 Percy Weasley
81%
583 Alastor Moody
77%
637 Dolores Umbridge
77%
486 Peter Pettigrew
76%
353 Cedric Diggory
75%
469 Dobby
75%
165 Seamus Finnigan
73%
212 Cho Chang
72%
208 Dean Thomas
71%
249 Fleur Delacour
71%
467 Dudley Dursley
70%
224 Gregory Goyle
69%
228 Nymphadora Tonks
69%
314 Petunia Dursley
69%
530 Vernon Dursley
69%
277 Viktor Krum
69%
220 Vincent Crabbe
66%
262 Gilderoy Lockhart
63%
190 Hedwig
63%
493 Cornelius Fudge
62%
295 Barty Crouch Sr.
58%
432 Professor Slughorn
55%
204 Oliver Wood
50%
258 Professor Trelawney
50%
288 Argus Filch
48%
312 Kreacher
46%
179 Rita Skeeter
33%
242 Ludo Bagman
28%
No matching quizzes found
Score Distribution
Percent of People with Each Score
Percentile by Number Answered
Your Score History
You have not taken this quiz since the last reset